000 00294nam a2200109Ia 4500
008 220120s9999||||xx |||||||||||||| ||und||
100 _aChandrashekaraiah, P.M
245 0 _aElectrical and electronic measurements
260 _aRajeswari publication
_c2005
300 _b0
650 _aMATHEMATICS
999 _c136882
_d136882